000 00353nam a2200133Ia 4500
008 220217s9999||||xx |||||||||||||| ||und||
020 _a81-224-0826-5
082 _a511.6 JOS
100 _aJoshi, K.D
_93396
245 0 _aApplied discrete structures
260 _aNew age international
_bNew Delhi
_c2000
300 _b350
650 _aMATHEMATICS
999 _c171810
_d171810